| 000 | 01011nam a2200241 a 4500 | ||
|---|---|---|---|
| 003 | BD-DhJNU | ||
| 005 | 20251008055136.0 | ||
| 008 | 050630s2006 nyu b 000 1 eng | ||
| 020 | _a0393925331 | ||
| 040 |
_aBD-DhJNU _bENG _cBD-DhJNU _dBD-DhJNU |
||
| 082 | 0 | 0 |
_a823.912 KAT _223. |
| 245 | 1 | 0 |
_aKatherine Mansfield's selected stories : _bthe texts of the stories, Katherine Mansfield--from her letters, criticism / _cselected and edited by Vincent O'Sullivan. |
| 260 |
_aNew York : _bW.W. Norton, _cc2006. |
||
| 300 |
_ax, 430 p. ; _c22 cm. |
||
| 504 | _aIncludes bibliographical references (p. 429-430). | ||
| 600 | 1 | 0 |
_aMansfield, Katherine, _d1888-1923 _vCorrespondence. |
| 650 | 0 |
_aAuthors, New Zealand _y20th century _vCorrespondence. |
|
| 651 | 0 |
_aNew Zealand _xSocial life and customs _xFiction. |
|
| 651 | 0 |
_aEurope _xSocial life and customs _xFiction. |
|
| 655 | 7 |
_aPersonal correspondence. _2lcgft _0https://id.loc.gov/authorities/genreForms/gf2014026141 |
|
| 700 | 1 | _aO'Sullivan, Vincent. | |
| 942 | _cBK | ||
| 999 |
_c2186 _d2186 |
||